000 00373nam a2200157Ia 4500
008 230524s9999 xx 000 0 und d
082 _a4.6
_bSCH
100 _aHerbert Schildt
245 4 _aThe Complete Reference C++
250 _a4TH
260 _aNEW DELHI
_bTMH
_c2009
300 _aXXVIII;1009
500 _aQuantity Number: 10
650 _aComp-Sc
942 _cBK
999 _c46488
_d46488